| 000 | 00694cam a2200217 4500 | ||
|---|---|---|---|
| 001 | WB3611-34 | ||
| 008 | 000000n2000 000 0 eng u | ||
| 035 | _a(Sirsi) u104872 | ||
| 245 | _aHealthy ambience good for business | ||
| 260 | _c2000 | ||
| 490 |
_aYorkshire Post _v 16 March 2000, 20(1) |
||
| 520 | _aConsiders how strategic property management can give companies the edge over their competitors and improve share prices and productivity. | ||
| 590 | _aWB | ||
| 650 | _aPRODUCTIVITY | ||
| 650 | _aSHARE PRICES | ||
| 650 | _aPROPERTY OCCUPIERS | ||
| 650 | _aCOMPETITORS | ||
| 650 | _aCORPORATE OCCUPIERS | ||
| 690 | _aPROPERTY MANAGEMENT-CORPORATE REAL ESTATE | ||
| 942 | _n0 | ||
| 999 |
_c62911 _d62911 |
||